Las huérfanas de la caridad (Record no. 154300)

MARC details
000 -LEADER
campo de control de longitud fija 01071nam a22002055i 4500
001 - NÚMERO DE CONTROL
campo de control 154300
003 - IDENTIFICADOR DE NÚMERO DE CONTROL
campo de control ES-MaACL
005 - FECHA Y HORA DE LA ÚLTIMA TRANSACCIÓN
campo de control 20251005063122.0
008 - DATOS DE LONGITUD FIJA--INFORMACIÓN GENERAL
campo de control de longitud fija 020221s1857 sp |||| | spa d
040 ## - FUENTE DE CATALOGACIÓN
Centro catalogador/agencia de origen CAM
Lengua de catalogación spa
Centro/agencia transcriptor CAM
100 1# - ENTRADA PRINCIPAL--NOMBRE DE PERSONA
Nombre de persona Gil y Baus, Isidoro,
Fechas asociadas al nombre 1814-1866
9 (RLIN) 56736
245 14 - MENCIÓN DEL TÍTULO
Título Las huérfanas de la caridad
Resto del título : drama en cinco actos y en prosa /
Mención de responsabilidad, etc. arreglado á la escena española por Isidoro Gil.
260 ## - PUBLICACIÓN, DISTRIBUCIÓN, ETC.
Lugar de publicación, distribución, etc. Madrid :
Nombre del editor, distribuidor, etc. [s.n.],
Fecha de publicación, distribución, etc. 1857 (
Fabricante Imprenta de José Rodriguez)
300 ## - DESCRIPCIÓN FÍSICA
Extensión 80 p. ;
Dimensiones 19 cm.
500 ## - NOTA GENERAL
Nota general Representado por primera vez en Madrid, en el teatro de Novedades, el 14 de noviembre de 1857.
596 ## - NOTA AL PIE DE IMPRENTA
NOTA AL PIE DE IMPRENTA En verso de port. consta: Los corresponsales del Sr. Gullon, editor de la galería lírico-dramática El Teatro ...
852 ## - LOCALIZACIÓN
Ubicación ES-MaACL
Número de control de estantería D-703(5)
Nota libre -- Enc. hol., conservando la enc. editorial
-- -- Legado M. de la Fuente
-- -- Enc. en un vol. facticio
852 ## - LOCALIZACIÓN
Ubicación ES-MaACL
Número de control de estantería D-2490(3)
Nota libre -- Enc. hol., conservando la enc. original
-- -- Legado de M. de la Fuente
-- -- Enc. en un vol. facticio
Holdings
Estatus retirado Estado de pérdida Estado de daño No para préstamo Colección Biblioteca de origen Biblioteca actual Ubicación en estantería Fecha de adquisición Fuente de adquisición Total de préstamos Signatura topográfica completa Código de barras Visto por última vez Precio de reemplazo Tipo de ítem Koha
        Libros del s. XIX Biblioteca del Ateneo de Madrid Biblioteca del Ateneo de Madrid Sala Valle Inclán 17/01/2008     D-2490(3) 901161352 23/02/2023 23/02/2023 Libro impreso antiguo
        Libros del s. XIX Biblioteca del Ateneo de Madrid Biblioteca del Ateneo de Madrid Sala Valle Inclán 17/01/2008     D-703(5) 901161351 23/02/2023 23/02/2023 Libro impreso antiguo